01400 a2200193 45000010006000000050017000060080041000230030015000640400040000790800063001192450047001820200022002292640035002513000019002865050768003050410008010731000030010818560095011114400520260407155720.0260407a2016 arg spa dAR-UNSa-BCEJYS aAR-UNSa-BCEJYSbspacAR-UNSa-BCEJYS a37.02xCuestiones generales de didáctica y metodología10aLeer a comeniopsu tiempo y su didáctica a978-950-12-9388-3 1aBuenos Aires :bPaidósc2016 a134 p.c22 cm. a1. El tiempo y su obra - 2.Su tiempor: la cultura europea en los siglos XVI y XVII - 3. El mundo cultural de Comenio - 4. La agitada y dramática vida de Comenio - 5. La Didáctica Magna - 6. Las citas en el texto de Comenio - 7. ¿ Dónde se encuentra la sabiduría? - 8. Las metáforas en el texto de Comenio - 9. Las ideas sobre la educación en la Didáctica Magna - 10. Las ideas sobre la disciplina escolar en la Didáctica Magna - 11. Las ideas sobre el método en la Didáctica Magna - 12. Las ideas sobre las clases de escuela en la Didáctica Magna - 13. Sobre las condiciones para comenzar la práctica del método universal - 14. El "giro comeniano" - 14. Cronología de la vida de comenio - 15. Las traducciones de la Didáctica Magna  aspa1 aCamilloni, Alicia R.W. de41uhttps://biblioeco.unsa.edu.ar/pmb/images/libros/L126847.jpgyImagen de portadaqimage/jpeg